Nebe nezná vyvolených /
Uložené v:
| Hlavný autor: | |
|---|---|
| Ďalší autori: | , |
| Médium: | Kniha |
| Jazyk: | Czech German |
| Vydané: |
Praha :
Naše vojsko,
1969.
|
| Vydanie: | Vyd. 1. |
| Edícia: | Eso
|
| Témy: | |
| ISBN: |
(brož.) : |
| Fyzický popis: |
205 s. |
| Tagy: |
Pridať tag
Žiadne tagy, Buďte prvý kto otaguje tento záznam!
|
Titul je dostupný aj v ... 

MARC
| LEADER | 00000nam a2200000 4500 | ||
|---|---|---|---|
| 001 | 000433613 | ||
| 005 | 20130904210606.0 | ||
| 008 | 960617s1969 xr 000 u cze d | ||
| 020 | |a (brož.) : |c Kčs 17,00 | ||
| 040 | |a SVKKK |b slo |c SVKKK |e AACR2 | ||
| 041 | 1 | |a cze |h ger | |
| 044 | |a xr |c CZ | ||
| 080 | |a 821.112.2-31 |2 2001 | ||
| 100 | 1 | |a Remarque, Erich Maria, |d 1898-1970 |4 aut | |
| 245 | 1 | 0 | |a Nebe nezná vyvolených / |c E.M. Remarque ; [z německého originálu ... přeložili Věra a Karel Houbovi]. |
| 250 | |a Vyd. 1. | ||
| 260 | |a Praha : |b Naše vojsko, |c 1969. | ||
| 300 | |a 205 s. | ||
| 490 | 1 | |a Eso : edice statečnosti a odvahy ; |v 6 | |
| 655 | 7 | |a nemecké romány |2 SVKKKPH | |
| 700 | 1 | |a Houba, Karel, |d 1920-1999 |4 trl | |
| 700 | 1 | |a Houbová, Věra, |d 1927- |4 trl | |
| 765 | 0 | |t Himmel kennt keine Günstlinge |9 Česky | |
| 830 | 0 | |a Eso | |
| 910 | |a svkkk | ||
| 998 | |a BK | ||
| 090 | |g SCKHL |k Sklad Hlavná 10 suterén |a I.36336 |j 424976 |i 2720635107 |s Povinný výt. | ||